<?xml version="1.0" encoding="UTF-8"?>
<collection xmlns="http://www.loc.gov/MARC21/slim">
  <record>
    <leader>00000nam  2200000   4500</leader>
    <controlfield tag="001">INLIS000000000061314</controlfield>
    <controlfield tag="005">20221006083359</controlfield>
    <datafield tag="035" ind1="#" ind2="#">
      <subfield code="a">0010-1022000055</subfield>
    </datafield>
    <controlfield tag="007">ta</controlfield>
    <controlfield tag="008">221006###########################0#ind##</controlfield>
    <datafield tag="020" ind1="#" ind2="#">
      <subfield code="a">978-602-9136-68-5</subfield>
    </datafield>
    <datafield tag="082" ind1="#" ind2="#">
      <subfield code="a">346.059</subfield>
    </datafield>
    <datafield tag="084" ind1="#" ind2="#">
      <subfield code="a">346.059 Yur a</subfield>
    </datafield>
    <datafield tag="100" ind1=" " ind2="#">
      <subfield code="a">Yurizal</subfield>
    </datafield>
    <datafield tag="245" ind1="1" ind2="#">
      <subfield code="a">Aspek Pidana dalam Undang Undang No.42 Tahun 1999 Tentang Jaminan Fidusia /</subfield>
      <subfield code="c">Yurizal</subfield>
    </datafield>
    <datafield tag="250" ind1="#" ind2="#">
      <subfield code="a">Cet.16</subfield>
    </datafield>
    <datafield tag="260" ind1="#" ind2="#">
      <subfield code="a">Malang :</subfield>
      <subfield code="b">Media Nusa Kreative,</subfield>
      <subfield code="c">20121</subfield>
    </datafield>
    <datafield tag="300" ind1="#" ind2="#">
      <subfield code="a">xviii,224 hlm. ;</subfield>
      <subfield code="c">21 Cm.</subfield>
    </datafield>
    <datafield tag="650" ind1="#" ind2="4">
      <subfield code="a">Fidusia - Undang-Undang dan Peraturan</subfield>
    </datafield>
    <datafield tag="990" ind1="#" ind2="#">
      <subfield code="a">23552355</subfield>
    </datafield>
  </record>
</collection>
